000 00306nam a2200121Ia 4500
008 240624s9999 xx 000 0 und d
041 _aeng
082 _a828 REA
100 _aREADERS DIGEST
245 _aREADERS DIGEST SELECT EDITIONS
260 _c2007
_aReaders Digest,2007
300 _a598 : p. : cm. ; 20
999 _c5351
_d5351